LDR 00965naa#a2200181#i#450# 001 RU\INFRA-M\bibl\115894 005 20260501080818.5 011 ## _a2500-0543 100 ## _a20260401b2026####ek#y0rusy0150####ca 102 ## _aRU 200 1# _aЭмоциональный интеллект сотрудников правоохранительных органов: перспективы исследований _eЖурнальная статья 210 1# _aМосква _cОбщество с ограниченной ответственностью «Научно-издательский центр ИНФРА-М» _d2026 215 ## _a11 с. 608 ## _aЖурнальная статья _2local 675 ## _aНародное образование. Воспитание. Обучение. Организация досуга. 37 _z 700 #1 _aБелова _gСветлана Владимировна 700 #1 _aТухто _gЕлена Николаевна 856 4# _azh-szf.ru _u